Score 0/31 Timer 10:00
0 Plays Today
Goals Player % Correct
93Kevin Phillips
82.9%
10David Phillips
82.8%
20Park Ji-Sung
78.1%
23Scott Parker
76.9%
14Garry Parker
76.8%
62Robert Pires
74.4%
21Ray Parlour
58.2%
9Gary Pallister
56.1%
42Marian Pahars
55.8%
34Morten Gamst Pedersen
54.5%
22Henrik Pedersen
54.5%
54Gus Poyet
54.1%
21Roman Pavlyuchenko
44.3%
11Emmanuel Petit
44%
14Jermaine Pennant
44%
20Stuart Pearce
43.4%
Goals Player % Correct
11Ian Pearce
43.3%
24Dan Petrescu
38.7%
13David Platt
37.9%
8Chris Perry
34.5%
13Lukas Podolski
33.2%
11Pavel Pogrebnyak
32.3%
9Stiliyan Petrov
31.1%
16Martin Petrov
30.8%
20Steven Pienaar
30.3%
15Carlton Palmer
27.1%
17Mark Pembridge
25.8%
17Gavin Peacock
22.6%
14Anthony Pilkington
22.3%
11Frederic Piquionne
18.8%
17Gary Penrice
10.1%
Come Together.
Have Fun.
All Virtual.
We all need to come together. Play Sporcle's virtual live trivia to have fun, connect with people, and get your trivia on. Join a live hosted trivia game for your favorite pub trivia experience done virtually. If a virtual private party is more your thing, go here for details.

You're not logged in!

Compare scores with friends on all Sporcle quizzes.
OR
Log In

Sporcle TV

Today on Sporcle TV


Watch our educational content, quiz creation guides, and fun videos on Sporcle TV.

Show Comments

Extras

Top Quizzes Today


Score Distribution

Paid Content

Your Account Isn't Verified!

In order to create a playlist on Sporcle, you need to verify the email address you used during registration. Go to your Sporcle Settings to finish the process.

Report this User

Report this user for behavior that violates our Community Guidelines.

Details: